| 000 | 00487cam a22002051 4500 | ||
|---|---|---|---|
| 001 | sa 63002894 | ||
| 003 | DLC | ||
| 005 | 20260227111937.0 | ||
| 008 | 890721s1963 ii 000 0 hino | ||
| 010 | _asa 63002894 | ||
| 035 | _a(OCoLC)20052872 | ||
| 040 |
_aDLC _cWaU _dDLC |
||
| 042 | _apremarc | ||
| 050 | 0 | 0 |
_aPK2098.V22 _bB5 |
| 100 | 1 |
_aVaid, Krishna Baldev, _d1927- |
|
| 245 | 1 | 0 | _aBīca kā daravāzā. |
| 260 | _c[1963] | ||
| 300 |
_a182 p. _c19 cm. |
||
| 500 | _aIn Hindi. | ||
| 999 |
_c54749 _d54749 |
||